| Tag |
First Indicator |
Second Indicator |
Subfields |
| LEADER |
00000cam a2200000Ki 4500 |
| 001 |
in00003513821 |
| 006 |
m o d |
| 007 |
cr bn||||||abp |
| 007 |
cr bn||||||ada |
| 008 |
100429s1981 nyua ob 001 0 eng d |
| 005 |
20260422211341.8 |
| 020 |
|
|
|a 9781475709209 (electronic bk.)
|
| 020 |
|
|
|a 147570920X (electronic bk.)
|
| 020 |
|
|
|z 0306404125
|
| 020 |
|
|
|z 9780306404122
|
| 035 |
|
|
|a (OCoLC)610490261
|
| 040 |
|
|
|a OCLCE
|b eng
|e pn
|c OCLCE
|d OCLCQ
|d OCLCO
|d OCLCQ
|d OCLCF
|d GW5XE
|d UtOrBLW
|
| 042 |
|
|
|a dlr
|
| 049 |
|
|
|a TXAM
|
| 050 |
|
4 |
|a QD189
|b .I58
|
| 082 |
0 |
4 |
|a 546/.34
|
| 245 |
0 |
0 |
|a Ionic liquids /
|c edited by Douglas Inman and David G. Lovering.
|
| 264 |
|
1 |
|a New York :
|b Plenum Press,
|c [1981]
|
| 264 |
|
4 |
|c ©1981
|
| 300 |
|
|
|a 1 online resource (x, 450 pages) :
|b illustrations
|
| 336 |
|
|
|a text
|b txt
|2 rdacontent
|
| 337 |
|
|
|a computer
|b c
|2 rdamedia
|
| 338 |
|
|
|a online resource
|b cr
|2 rdacarrier
|
| 504 |
|
|
|a Includes bibliographical references and index.
|
| 538 |
|
|
|a Master and use copy. Digital master created according to Benchmark for Faithful Digital Reproductions of Monographs and Serials, Version 1. Digital Library Federation, December 2002.
|u http://purl.oclc.org/DLF/benchrepro0212
|5 MiAaHDL
|
| 583 |
1 |
|
|a digitized
|c 2010
|h HathiTrust Digital Library
|l committed to preserve
|2 pda
|5 MiAaHDL
|
| 588 |
|
|
|a Description based on print version record.
|
| 500 |
|
|
|a Electronic resource.
|
| 650 |
|
0 |
|a Fused salts.
|
| 650 |
|
0 |
|a Electrolyte solutions.
|
| 650 |
|
6 |
|a Sels fondus.
|
| 650 |
|
6 |
|a Solutions d'électrolyte.
|
| 650 |
|
7 |
|a Electrolyte solutions.
|2 fast
|0 (OCoLC)fst00906485
|
| 650 |
|
7 |
|a Fused salts.
|2 fast
|0 (OCoLC)fst00936680
|
| 653 |
|
|
|a Ionic liquids
|
| 655 |
|
7 |
|a Electronic books.
|2 local
|
| 700 |
1 |
|
|a Inman, D.
|q (Douglas)
|
| 700 |
1 |
|
|a Lovering, D. G.
|q (David G.)
|
| 710 |
2 |
|
|a SpringerLink (Online service)
|
| 776 |
1 |
8 |
|i Print version:
|t Ionic liquids.
|d New York : Plenum Press, ©1981
|w (DLC) 80016402
|w (OCoLC)6305104
|
| 856 |
4 |
0 |
|u http://proxy.library.tamu.edu/login?url=https://link.springer.com/10.1007/978-1-4757-0920-9
|z Connect to the full text of this electronic book
|t 0
|
| 994 |
|
|
|a 92
|b TXA
|
| 999 |
|
|
|a MARS
|
| 999 |
f |
f |
|s a6139b2f-5689-3e4f-af0f-d90a3d682a67
|i a950dbda-0f9c-3582-a010-27220f4261cd
|t 0
|
| 952 |
f |
f |
|a Texas A&M University
|b College Station
|c Electronic Resources
|s www_evans
|d Available Online
|t 0
|e QD189 .I58
|h Library of Congress classification
|
| 998 |
f |
f |
|a QD189 .I58
|t 0
|l Available Online
|